Paises con mayor cantidad de GITANOS - Estadísticas

Estadísticas generales
  • Esta prueba ha sido intentada 174 veces
  • La puntuación promedio es 5 de 8
Estadísticas de respuestas
Cantidad Respuesta % Correcto
750.000 España
100%
1.850.000 Rumania
95%
750.000 Bulgaria
70%
825.000 Rusia
70%
2.750.000 Turquia
68%
500.000 Hungria
66%
450.000 Eslovaquia
35%
300.000 República Checa
32%
No se encontraron pruebas coincidentes
Distribución de puntuación
Porcentaje de gente con cada puntuación
Porcentaje por número respondido
Historial de tus puntuaciones
No has intentado esta prueba.